<?xml version="1.0" encoding="UTF-8"?>
<record
    xmlns:xsi="http://www.w3.org/2001/XMLSchema-instance"
    xsi:schemaLocation="http://www.loc.gov/MARC21/slim http://www.loc.gov/standards/marcxml/schema/MARC21slim.xsd"
    xmlns="http://www.loc.gov/MARC21/slim">

  <leader>02407nam a2200217Ia 4500</leader>
  <controlfield tag="003">OSt</controlfield>
  <controlfield tag="005">20250829124040.0</controlfield>
  <controlfield tag="008">210210b2000   xxu||||| |||| 00| 0 eng d</controlfield>
  <datafield tag="040" ind1=" " ind2=" ">
    <subfield code="c">AL</subfield>
  </datafield>
  <datafield tag="041" ind1=" " ind2=" ">
    <subfield code="a">Kannada</subfield>
  </datafield>
  <datafield tag="082" ind1=" " ind2=" ">
    <subfield code="a">398.2K RAMB</subfield>
  </datafield>
  <datafield tag="100" ind1=" " ind2=" ">
    <subfield code="a">RAMANUJAN (E K).</subfield>
    <subfield code="d">&#xCB0;&#xCBE;&#xCAE;&#xCBE;&#xCA8;&#xCC1;&#xC9C;&#xCA8;&#xCCD; (&#xC87; &#xC95;&#xCC6;)</subfield>
    <subfield code="9">177177</subfield>
  </datafield>
  <datafield tag="245" ind1=" " ind2=" ">
    <subfield code="a">Bharatiya janapada kategalu.</subfield>
    <subfield code="b">&#xCAD;&#xCBE;&#xCB0;&#xCA4;&#xCC0;&#xCAF; &#xC9C;&#xCA8;&#xCAA;&#xCA6; &#xC95;&#xCA4;&#xCC6;&#xC97;&#xCB3;&#xCC1;</subfield>
  </datafield>
  <datafield tag="260" ind1=" " ind2=" ">
    <subfield code="a">Nava Dehali</subfield>
    <subfield code="b">Nyashanal Buk Trast</subfield>
    <subfield code="c">2000</subfield>
  </datafield>
  <datafield tag="300" ind1=" " ind2=" ">
    <subfield code="a">xiii,390</subfield>
  </datafield>
  <datafield tag="520" ind1=" " ind2=" ">
    <subfield code="a">&#xCB9;&#xCC6;&#xCB8;&#xCB0;&#xCC7; &#xCB9;&#xCC7;&#xCB3;&#xCC1;&#xCB5;&#xC82;&#xCA4;&#xCC6; &#xC9C;&#xCA8;&#xCB0; &#xCAC;&#xCB3;&#xC95;&#xCC6;&#xCAF;&#xCB2;&#xCCD;&#xCB2;&#xCBF; &#xCB8;&#xCC1;&#xCAA;&#xCB0;&#xCBF;&#xC9A;&#xCBF;&#xCA4;&#xCB5;&#xCBE;&#xCA6; &#xCAE;&#xCA4;&#xCCD;&#xCA4;&#xCC1; &#xCAA;&#xCCD;&#xCB0;&#xC9A;&#xCB2;&#xCBF;&#xCA4;&#xCA6;&#xCB2;&#xCCD;&#xCB2;&#xCBF;&#xCB0;&#xCC1;&#xCB5; &#xC95;&#xCA4;&#xCC6;&#xC97;&#xCB3; &#xC97;&#xCC1;&#xC9A;&#xCCD;&#xC9B;. &#xC87;&#xCAA;&#xCCD;&#xCAA;&#xCA4;&#xCCD;&#xCA4;&#xCC6;&#xCB0;&#xCC6;&#xCA1;&#xCC1; &#xCAD;&#xCBE;&#xCB0;&#xCA4;&#xCC0;&#xCAF; &#xCAD;&#xCBE;&#xCB7;&#xCC6;&#xC97;&#xCB3;&#xCBF;&#xC82;&#xCA6;&#xCBE;&#xCAF;&#xCCD;&#xCA6; &#xCB8;&#xC82;&#xC95;&#xCB2;&#xCA8;. &#xCB0;&#xCBE;&#xCAE;&#xCBE;&#xCA8;&#xCC1;&#xC9C;&#xCA8;&#xCCD; &#xC85;&#xCB5;&#xCB0;&#xCC1; &#xCAE;&#xCC2;&#xCB2; &#xC86;&#xC82;&#xC97;&#xCCD;&#xCB2; &#xCAD;&#xCBE;&#xCB7;&#xCC6;&#xCAF;&#xCB2;&#xCCD;&#xCB2;&#xCBF; &#xCB8;&#xC82;&#xC97;&#xCCD;&#xCB0;&#xCB9; &#xCAE;&#xCA4;&#xCCD;&#xCA4;&#xCC1; &#xCB8;&#xC82;&#xCAA;&#xCBE;&#xCA6;&#xCA8;&#xCC6; &#xCAE;&#xCBE;&#xCA1;&#xCBF;&#xCA6; &#xC95;&#xCA4;&#xCC6;&#xC97;&#xCB3;&#xCA8;&#xCCD;&#xCA8;&#xCC1; &#xCAE;&#xCB9;&#xCBE;&#xCAC;&#xCB2;&#xCC7;&#xCB6;&#xCCD;&#xCB5;&#xCB0; &#xCB0;&#xCBE;&#xCB5;&#xCCD; &#xC85;&#xCB5;&#xCB0;&#xCC1; &#xC95;&#xCA8;&#xCCD;&#xCA8;&#xCA1;&#xC95;&#xCCD;&#xC95;&#xCC6; &#xC85;&#xCA8;&#xCC1;&#xCB5;&#xCBE;&#xCA6; &#xCAE;&#xCBE;&#xCA1;&#xCBF;&#xCA6;&#xCCD;&#xCA6;&#xCBE;&#xCB0;&#xCC6;. &#xCB8;&#xC82;&#xCAA;&#xCBE;&#xCA6;&#xCA8;&#xCBE; &#xC95;&#xCBE;&#xCB0;&#xCCD;&#xCAF;&#xCA6;&#xCB2;&#xCCD;&#xCB2;&#xCBF; &#xCB0;&#xCBE;&#xCAE;&#xCBE;&#xCA8;&#xCC1;&#xC9C;&#xCA8;&#xCCD; &#xC85;&#xCB5;&#xCB0;&#xCC1; &#xCAC;&#xCB3;&#xCB8;&#xCBF;&#xCA6; &#xC86;&#xC95;&#xCB0; &#xC97;&#xCCD;&#xCB0;&#xC82;&#xCA5;, &#xC89;&#xCB2;&#xCCD;&#xCB2;&#xCC7;&#xC96;&#xCBF;&#xCB8;&#xCBF;&#xCA6; &#xCB0;&#xCC6;&#xCAB;&#xCB0;&#xCC6;&#xCA8;&#xCCD;&#xCB8;&#xCCD;, &#xCA8;&#xCA1;&#xCC6;&#xCB8;&#xCBF;&#xCA6; &#xCB8;&#xC82;&#xCB6;&#xCCB;&#xCA7;&#xCA8;&#xCC6; &#xCAE;&#xCA4;&#xCCD;&#xCA4;&#xCC1; &#xCB8;&#xCBE;&#xCB5;&#xCBF;&#xCB0;&#xCBE;&#xCB0;&#xCC1; &#xCAA;&#xCC1;&#xC9F;&#xC97;&#xCB3; &#xC93;&#xCA6;&#xCC1;&#xCB5;&#xCBF;&#xC95;&#xCC6;&#xCAF; &#xCAC;&#xC97;&#xCCD;&#xC97;&#xCC6; &#xCB8;&#xCC1;&#xCA7;&#xCC0;&#xCB0;&#xCCD;&#xC98;&#xCB5;&#xCBE;&#xC97;&#xCBF; &#xCAE;&#xCC1;&#xCA8;&#xCCD;&#xCA8;&#xCC1;&#xCA1;&#xCBF;&#xCAF;&#xCB2;&#xCCD;&#xCB2;&#xCBF; &#xCB9;&#xCC7;&#xCB3;&#xCBF;&#xCA6;&#xCCD;&#xCA6;&#xCBE;&#xCB0;&#xCC6;. &#xC9C;&#xCCA;&#xCA4;&#xCC6;&#xC97;&#xCC6; &#xC87;&#xC82;&#xCA4;&#xCBF;&#xCA5;&#xCA6;&#xCCD;&#xCA6;&#xCC7; &#xC95;&#xCA4;&#xCC6;&#xC97;&#xCB3;&#xCA8;&#xCCD;&#xCA8;&#xCC1; &#xC86;&#xCAF;&#xCCD;&#xCA6;&#xCC1;&#xC95;&#xCCA;&#xCB3;&#xCCD;&#xCB3;&#xCB2;&#xCC1; &#xC85;&#xCA8;&#xCC1;&#xCB8;&#xCB0;&#xCBF;&#xCB8;&#xCBF;&#xCA6; &#xCAE;&#xCBE;&#xCB0;&#xCCD;&#xC97; &#xCAE;&#xCA4;&#xCCD;&#xCA4;&#xCC1; &#xC95;&#xCBE;&#xCB0;&#xCA3;&#xC97;&#xCB3;&#xCA8;&#xCCD;&#xCA8;&#xCC1; &#xC95;&#xCC2;&#xCA1; &#xCA8;&#xCC0;&#xCA1;&#xCBF;&#xCA6;&#xCCD;&#xCA6;&#xCBE;&#xCB0;&#xCC6;. &#xC92;&#xC9F;&#xCCD;&#xC9F;&#xCBE;&#xCB0;&#xCC6;&#xCAF;&#xCBE;&#xC97;&#xCBF; &#xC95;&#xCA4;&#xCC6;&#xC97;&#xCB3;&#xCA8;&#xCCD;&#xCA8;&#xCC1; &#xC93;&#xCA6;&#xCC1;&#xCB5;&#xCBE;&#xC97; &#xCA6;&#xC95;&#xCCD;&#xC95;&#xCC1;&#xCB5; &#xC86;&#xCAE;&#xCCB;&#xCA6; &#xCB0;&#xCBE;&#xCAE;&#xCBE;&#xCA8;&#xCC1;&#xC9C;&#xCA8;&#xCCD; &#xC85;&#xCB5;&#xCB0;&#xCC1; &#xCAC;&#xCB0;&#xCC6;&#xCA6;&#xCBF;&#xCB0;&#xCC1;&#xCB5; &#xCAE;&#xCC1;&#xCA8;&#xCCD;&#xCA8;&#xCC1;&#xCA1;&#xCBF; &#xCAE;&#xCA4;&#xCCD;&#xCA4;&#xCC1; &#xC9F;&#xCBF;&#xCAA;&#xCCD;&#xCAA;&#xCA3;&#xCBF;&#xC97;&#xCB3;&#xCA8;&#xCCD;&#xCA8;&#xCC1; &#xC93;&#xCA6;&#xCC1;&#xCB5;&#xCBE;&#xC97;&#xCB2;&#xCC2; &#xCB8;&#xCBF;&#xC97;&#xCC1;&#xCA4;&#xCCD;&#xCA4;&#xCA6;&#xCC6;, &#xC9C;&#xCCA;&#xCA4;&#xCC6;&#xC97;&#xCC6; &#xC85;&#xCB5;&#xCB0; &#xC85;&#xCA7;&#xCCD;&#xCAF;&#xCAF;&#xCA8;&#xCB6;&#xCC0;&#xCB2;&#xCA4;&#xCC6;&#xCAF; &#xCAC;&#xC97;&#xCCD;&#xC97;&#xCC6; &#xC97;&#xCCC;&#xCB0;&#xCB5;&#xCB5;&#xCC2; &#xCAE;&#xCC2;&#xCA1;&#xCC1;&#xCA4;&#xCCD;&#xCA4;&#xCA6;&#xCC6;.</subfield>
  </datafield>
  <datafield tag="650" ind1=" " ind2=" ">
    <subfield code="a">Janapada Kategalu</subfield>
    <subfield code="9">177178</subfield>
  </datafield>
  <datafield tag="690" ind1=" " ind2=" ">
    <subfield code="a">Folklore</subfield>
    <subfield code="9">177179</subfield>
  </datafield>
  <datafield tag="906" ind1=" " ind2=" ">
    <subfield code="a">056929</subfield>
  </datafield>
  <datafield tag="942" ind1=" " ind2=" ">
    <subfield code="2">ddc</subfield>
    <subfield code="c">BK</subfield>
  </datafield>
  <datafield tag="999" ind1=" " ind2=" ">
    <subfield code="c">104423</subfield>
    <subfield code="d">104423</subfield>
  </datafield>
  <datafield tag="952" ind1=" " ind2=" ">
    <subfield code="0">0</subfield>
    <subfield code="1">0</subfield>
    <subfield code="2">ddc</subfield>
    <subfield code="4">0</subfield>
    <subfield code="7">0</subfield>
    <subfield code="8">OTH</subfield>
    <subfield code="a">AL</subfield>
    <subfield code="b">AL</subfield>
    <subfield code="c">Folklore</subfield>
    <subfield code="d">2021-02-17</subfield>
    <subfield code="e">Athree Book Centre, Mangalore-01.</subfield>
    <subfield code="g">90.00</subfield>
    <subfield code="l">0</subfield>
    <subfield code="o">398.2K RAMB</subfield>
    <subfield code="p">056929</subfield>
    <subfield code="r">2021-02-17 00:00:00</subfield>
    <subfield code="w">2021-02-17</subfield>
    <subfield code="y">BK</subfield>
  </datafield>
</record>
